banner-ar

الالات الشعبية الموسيقية المصرية وتاكيد الهوية الثقافية / (Record no. 65029)

MARC details
000 -الفاتح
حقل البيانات ثابتة الطول 00852nam a22002417a 4500
005 - وقت وتاريخ اخر تعامل مع التسجيلة
رقم الضبط 20240530110803.0
008 - عناصر البيانات ثابتة الطول - معلومات عامة
حقل البيانات ثابتة الطول 190115s2017 ua a g 000 0 ara d
017 ## - رقم الايداع القانونى
رقم الايداع القانونى 2018/9460
المصدر ( الهيئة المختصة) مصر. دار الكتب
040 ## - مصدر الفهرسة
وكالة الفهرسة الأصلية EG-CaGPL
وكالة النسخ EG-CaGPL
082 04 - رقم تصنيف ديوى العشرى
رقم الطبعة 21
رقم التصنيف 784.09
رقم المادة ق/ إ آ
100 0# - المدخل الرئيسى - إسم شخصى
الإسم الشخصى ايمان جودت
245 12 - بيان العنوان
العنوان الالات الشعبية الموسيقية المصرية وتاكيد الهوية الثقافية /
بيان المسئوليه,etc المؤلف ايمان جودت
250 ## - بيان الطبعة
بيان الطبعة ط.1
260 ## - PUBLICATION, DISTRIBUTION, ETC. (IMPRINT)
تاريخ النشر أو التوزيع 2018 .
300 ## - الوصف المادى
التعداد 192 ص. :
تفاصيل ماديه اخرى للوعاء صور لو. ؛
أبعاد الوعاء 24 سم.
650 07 - المدخل الاضافى بالموضوع-مصطلح موضوعى
مصدر الرأس أو المصطلح qrmak
مصطلح موضوعي الالات الموسيقية
التقسيم الفرعي الجغرافي مصر
650 07 - المدخل الاضافى بالموضوع-مصطلح موضوعى
مصطلح موضوعي الرق
650 07 - المدخل الاضافى بالموضوع-مصطلح موضوعى
مصطلح موضوعي الصاجات
650 07 - المدخل الاضافى بالموضوع-مصطلح موضوعى
مصطلح موضوعي الربابة
650 07 - المدخل الاضافى بالموضوع-مصطلح موضوعى
مصطلح موضوعي موسيقى الزار
942 ## - عناصر المدخل الإضافي( كوها)
مصدر التصنيف او مخطط الترفيف Dewey Decimal Classification
Koha [default] item type كتاب
260 ## - PUBLICATION, DISTRIBUTION, ETC. (IMPRINT)
-- القاهرة :
-- المؤلف،
Holdings
حالة التراجع حالة الفقد حالة تلف ليس للاعارة المكان المؤقت الموقع الحالى موقع الترفيف تاريخ الاكتساب اجمالي اﻻعارات رقم الطلب الباركود تاريخ اخر مشاهدة تاريخ تفعيل السعر نوع وعاء كوها
        مكتبة القاهرة الكبرى مكتبة القاهرة الكبرى   02/19/2019   784.09 ق/ إ آ 165569 02/19/2019 02/19/2019 كتاب

Powered By

EGPV